[Event "1st Schaakweek Apeldoorn"]
[Site "Apeldoorn NED"]
[Date "2018.06.07"]
[Round "1.1"]
[White "Warmerdam, Max"]
[Black "Hillarp Persson, Tiger"]
[Result "0-1"]
[WhiteTitle "FM"]
[BlackTitle "GM"]
[WhiteElo "2370"]
[BlackElo "2546"]
[WhiteFideId "1048104"]
[BlackFideId "1700812"]
[EventDate "2018.06.07"]

1. e4 d6 2. d4 Nf6 3. Nc3 g6 4. Be3 a6 5. f3 b5 6. h4 h5 7. Nh3 Bxh3 8. Rxh3 c6
9. Qd2 Nbd7 10. O-O-O Qc7 11. Bd3 Bg7 12. f4 b4 13. Na4 Ng4 14. Qxb4 c5 15. dxc5
Nxe3 16. cxd6 Qa7 17. dxe7 Nxd1 18. e5 Qg1 0-1

[Event "1st Schaakweek Apeldoorn"]
[Site "Apeldoorn NED"]
[Date "2018.06.07"]
[Round "1.2"]
[White "Gascon Del Nogal, Jose Rafael"]
[Black "Ten Hertog, Hugo"]
[Result "1/2-1/2"]
[WhiteTitle "IM"]
[BlackTitle "IM"]
[WhiteElo "2470"]
[BlackElo "2453"]
[WhiteFideId "3902463"]
[BlackFideId "1026356"]
[EventDate "2018.06.07"]

1. e4 g6 2. d4 Bg7 3. Nf3 d6 4. Bc4 Nf6 5. Qe2 O-O 6. e5 dxe5 7. dxe5 Nd5 8. O-O
Bg4 9. Nbd2 Nb6 10. Bd3 Nc6 11. h3 Be6 12. Rd1 Nb4 13. Be4 c6 14. a3 Na6 15. Nb3
Qc7 16. Bf4 Nc4 17. Rab1 Nxe5 18. Kh1 Rad8 19. Bd3 f6 20. Bxe5 fxe5 21. Ng5 Bd5
22. Bxa6 bxa6 23. c4 Bf7 24. Nc5 Rd6 25. Rxd6 exd6 26. Nxa6 Qc8 27. Nxf7 Rxf7
28. Nb4 Rf4 29. Rd1 a5 30. Nc2 Qe6 31. b3 a4 32. bxa4 Qxc4 33. Qxc4+ Rxc4 34.
Ne3 Rd4 35. Rc1 Bh6 36. Rxc6 Bxe3 37. fxe3 Rxa4 38. Rxd6 Rxa3 39. Rd8+ Kg7 40.
Rd7+ Kh6 41. Re7 Rxe3 42. Kg1 g5 43. Kf2 Re4 44. Kf3 Rf4+ 45. Ke3 Rf5 46. Re6+
Kg7 47. g4 Rf1 48. Rxe5 h6 49. Ke2 Rf4 1/2-1/2

[Event "1st Schaakweek Apeldoorn"]
[Site "Apeldoorn NED"]
[Date "2018.06.07"]
[Round "1.3"]
[White "Praggnanandhaa, R"]
[Black "Ernst, Sipke"]
[Result "0-1"]
[WhiteTitle "IM"]
[BlackTitle "GM"]
[WhiteElo "2529"]
[BlackElo "2555"]
[WhiteFideId "25059530"]
[BlackFideId "1004689"]
[EventDate "2018.06.07"]

1. Nf3 Nf6 2. c4 c6 3. g3 g6 4. Bg2 Bg7 5. d4 d6 6. O-O O-O 7. Nc3 Qa5 8. e4 e5
9. h3 Nbd7 10. Re1 exd4 11. Nxd4 Re8 12. Rb1 Ne5 13. Bf1 a6 14. f4 Ned7 15. Kh2
h5 16. Bg2 Qc7 17. Kh1 a5 18. Be3 Bf8 19. Qc2 Nc5 20. Bf2 a4 21. b4 axb3 22.
axb3 Bd7 23. b4 Na6 24. Qd2 Bh6 25. Nf3 Be6 26. Bd4 Nd7 27. Nd5 Qd8 28. Ba1 Nc7
29. Ne3 Nf6 30. Bxf6 Qxf6 31. Qxd6 Qd8 32. Qxd8 Rexd8 33. b5 cxb5 34. cxb5 Ra3
35. b6 Na6 36. Nd5 Nc5 37. Nc7 Bxh3 38. Bxh3 Rxf3 39. Kg2 Rdd3 40. Bc8 Rxg3+ 41.
Kf2 Rdf3+ 42. Ke2 Nxe4 43. Kd1 Nc3+ 44. Kc2 Rf2+ 0-1

[Event "1st Schaakweek Apeldoorn"]
[Site "Apeldoorn NED"]
[Date "2018.06.07"]
[Round "1.4"]
[White "Kuipers, Stefan"]
[Black "Fier, Alexandr"]
[Result "1/2-1/2"]
[WhiteTitle "IM"]
[BlackTitle "GM"]
[WhiteElo "2477"]
[BlackElo "2576"]
[WhiteFideId "1018400"]
[BlackFideId "2107139"]
[EventDate "2018.06.07"]

1. e4 c5 2. Nf3 e6 3. d4 cxd4 4. Nxd4 Nc6 5. Nc3 Qc7 6. Be3 a6 7. Qf3 Nf6 8.
O-O-O Ne5 9. Qg3 b5 10. f4 Neg4 11. Bg1 h5 12. Bd3 b4 13. Na4 Bb7 14. h3 Nh6 15.
Qe3 Qa5 16. b3 d5 17. Nxe6 fxe6 18. exd5 Bxd5 19. Bg6+ Ke7 20. f5 Nxf5 21. Bxf5
g6 22. Qc5+ Qxc5 23. Bxc5+ Kf7 24. Bd3 Bxc5 25. Nxc5 a5 26. Rhf1 Ke7 27. Rde1
Rac8 28. Ne4 Bxe4 29. Bxe4 g5 30. Bd3 Nd5 31. Rf5 Kd6 32. Rxg5 Rcg8 33. Ree5
Rxg5 34. Rxg5 h4 35. Kd2 Rf8 36. Rg4 Kc5 37. Rc4+ Kd6 38. Rg4 Kc5 39. Rc4+ Kd6
40. Be4 Rf1 41. Bf3 e5 42. Bxd5 Kxd5 43. Rxh4 Rf2+ 44. Kd3 Rxg2 45. Rg4 Rh2 46.
Rg3 a4 47. bxa4 e4+ 48. Ke3 Rxc2 49. Rg5+ Kc4 50. Kxe4 Rxa2 51. Rg8 b3 52. Rc8+
Kb4 53. Rb8+ Kxa4 54. Kf5 Rc2 55. Ra8+ Kb4 56. Rb8+ Ka3 57. h4 b2 58. h5 Rc8 59.
Rb7 Rc1 60. h6 b1=Q+ 61. Rxb1 Rxb1 62. h7 Rh1 63. Kg6 Rxh7 64. Kxh7 1/2-1/2

[Event "1st Schaakweek Apeldoorn"]
[Site "Apeldoorn NED"]
[Date "2018.06.07"]
[Round "1.5"]
[White "Pijpers, Arthur"]
[Black "Beerdsen, Thomas"]
[Result "1/2-1/2"]
[WhiteTitle "IM"]
[BlackTitle "IM"]
[WhiteElo "2479"]
[BlackElo "2454"]
[WhiteFideId "1019554"]
[BlackFideId "1030108"]
[EventDate "2018.06.07"]

1. e4 e5 2. Nf3 Nc6 3. Bb5 Nf6 4. O-O Nxe4 5. Re1 Nd6 6. Nxe5 Nxe5 7. Rxe5+ Be7
8. Bf1 O-O 9. d4 Bf6 10. Re1 Nf5 11. d5 d6 12. Nd2 c6 13. Ne4 Be5 14. c3 cxd5
15. Qxd5 Ne7 16. Qd1 d5 17. Ng5 Bf6 18. Bd3 g6 19. Nf3 Nc6 20. Bh6 Re8 21. Rxe8+
Qxe8 22. Qd2 Be6 23. Re1 Qe7 24. Qf4 Re8 25. h4 Bh8 26. Bg5 f6 27. Bh6 Ne5 28.
Bc2 Bf5 29. Nd4 Bxc2 30. Nxc2 Qd7 31. Qd4 Rd8 32. Ne3 Nc6 33. Qxd5+ Qxd5 34.
Nxd5 Rxd5 35. Re8+ Kf7 36. Rxh8 Rh5 37. Bf4 Rxh4 38. g3 Rh5 39. g4 Rb5 40. b3 h5
41. c4 Ra5 42. Rh7+ Ke6 43. gxh5 gxh5 44. Rxb7 Rxa2 45. Be3 Rb2 46. Kg2 a5 47.
Rb6 Kd7 48. Rb5 Ke6 49. Kg3 Ne5 50. f4 Re2 51. Bb6 Rb2 52. Be3 Re2 53. Bb6 Nc6
54. Rxh5 Rb2 55. Rb5 f5 56. Be3 Nb4 57. Re5+ Kd7 58. Rxa5 Rxb3 59. Kf2 Rc3 60.
Rxf5 Rxc4 61. Kf3 Ke6 62. Kg4 Rc2 63. Re5+ Kf7 64. Kg5 Rg2+ 65. Kf5 Nc6 66. Rb5
Ne7+ 67. Ke4 Ra2 68. Bd4 Ra4 69. Rb6 Rc4 70. Rf6+ Kg7 71. Re6+ Kf7 72. Rf6+ Kg7
73. Rd6+ Kf7 74. Kf3 Rc6 75. Rd7 Ke6 76. Ra7 Rc4 77. Ra6+ Nc6 78. Be3 Kf5 79.
Ra8 Nd4+ 80. Bxd4 Rxd4 81. Rf8+ Kg6 82. Kg4 Rd6 1/2-1/2

[Event "1st Schaakweek Apeldoorn"]
[Site "Apeldoorn NED"]
[Date "2018.06.08"]
[Round "2.1"]
[White "Hillarp Persson, Tiger"]
[Black "Beerdsen, Thomas"]
[Result "0-1"]
[WhiteTitle "GM"]
[BlackTitle "IM"]
[WhiteElo "2546"]
[BlackElo "2454"]
[WhiteFideId "1700812"]
[BlackFideId "1030108"]
[EventDate "2018.06.07"]

1. Nf3 Nf6 2. g3 e6 3. Bg2 d5 4. O-O Be7 5. d3 c5 6. Nbd2 Nc6 7. e4 b6 8. Re1
Bb7 9. c3 Qc7 10. a3 O-O-O 11. e5 Nd7 12. d4 g5 13. Nf1 Rdg8 14. b4 c4 15. g4 h5
16. h3 hxg4 17. hxg4 Nf8 18. Ng3 Ng6 19. Nh5 Nf4 20. Nxf4 gxf4 21. Nh2 Bg5 22.
Qf3 Ne7 23. Bxf4 Bxf4 24. Qxf4 f5 25. f3 Ng6 26. Qg3 f4 27. Qf2 Qh7 28. Nf1 Nh4
29. Ra2 Bc6 30. Qd2 Qh6 31. a4 Be8 32. b5 Bg6 33. a5 Be4 34. Nh2 Nxf3+ 35. Bxf3
Bxf3 36. Nxf3 Rxg4+ 37. Kf2 Qg6 0-1

[Event "1st Schaakweek Apeldoorn"]
[Site "Apeldoorn NED"]
[Date "2018.06.08"]
[Round "2.2"]
[White "Fier, Alexandr"]
[Black "Pijpers, Arthur"]
[Result "0-1"]
[WhiteTitle "GM"]
[BlackTitle "IM"]
[WhiteElo "2576"]
[BlackElo "2479"]
[WhiteFideId "2107139"]
[BlackFideId "1019554"]
[EventDate "2018.06.07"]

1. e4 c5 2. Nf3 d6 3. d4 cxd4 4. Nxd4 Nf6 5. Nc3 g6 6. Be3 Bg7 7. f3 Nc6 8. Qd2
O-O 9. O-O-O d5 10. Nxc6 bxc6 11. Bh6 Bxh6 12. Qxh6 Qb6 13. h4 Rb8 14. b3 Qc5
15. Kb2 dxe4 16. Qg5 Qf5 17. g4 Qxf3 18. Be2 Qg3 19. h5 Be6 20. Qh6 g5 21. Qxg5+
Kh8 22. Qc5 Nd5 23. Qd4+ f6 24. Nxe4 Qe3 25. Rhe1 Rbd8 26. Nc5 Qxd4+ 27. Rxd4
Bc8 28. Ra4 Rg8 29. Rxa7 e5 30. Ra8 Ne3 31. Ne4 Rdf8 32. Nd6 Bxg4 33. Rxf8 Rxf8
34. Bxg4 Nxg4 35. Nf5 Nf2 36. a4 Kg8 37. Ne7+ Kf7 38. Nxc6 Ke6 39. b4 Kd5 40. b5
e4 41. Kb3 f5 42. Re2 Ng4 43. c4+ Kc5 44. Rd2 e3 45. Rd5+ Kb6 46. a5+ Kc7 47.
Nd4 f4 48. b6+ Kc8 49. a6 f3 50. b7+ Kb8 51. Rd7 Ne5 52. Re7 f2 53. Rxe5 f1=Q
54. Kb4 Qf6 0-1

[Event "1st Schaakweek Apeldoorn"]
[Site "Apeldoorn NED"]
[Date "2018.06.08"]
[Round "2.4"]
[White "Ten Hertog, Hugo"]
[Black "Praggnanandhaa, R"]
[Result "1-0"]
[WhiteTitle "IM"]
[BlackTitle "IM"]
[WhiteElo "2453"]
[BlackElo "2529"]
[WhiteFideId "1026356"]
[BlackFideId "25059530"]
[EventDate "2018.06.07"]

1. g3 e5 2. Bg2 d5 3. d3 c6 4. Nf3 Bd6 5. O-O Nf6 6. Nc3 O-O 7. e4 h6 8. h3 Re8
9. Nh4 Bc7 10. Qf3 Be6 11. Nf5 dxe4 12. dxe4 Bxf5 13. Qxf5 Qd7 14. Qf3 Qe6 15.
a4 a5 16. Nd1 Nbd7 17. Re1 Nc5 18. b3 Rad8 19. Ba3 Bd6 20. Bb2 Bc7 21. Ba3 Bd6
22. Bb2 Bc7 23. Bf1 Rd2 24. Rc1 Qd7 25. Bc3 Rd6 26. Nb2 b5 27. axb5 cxb5 28. b4
Na6 29. Nd3 Rc6 30. Bd2 a4 31. Red1 Qe6 32. c4 Rxc4 33. Nc5 Rxc5 34. bxc5 Qc6
35. Rb1 Rb8 36. Qe2 Nxc5 37. Rxb5 Rxb5 38. Qxb5 Qxb5 39. Bxb5 Ncxe4 40. Bxa4 Bb6
41. Be1 Nxg3 42. Rd6 Bd4 43. Bc2 e4 44. Bb3 g5 45. Rxf6 Bxf6 46. fxg3 Bd4+ 47.
Bf2 Bxf2+ 48. Kxf2 Kg7 49. Ke3 f5 50. Kd4 h5 51. Bd1 Kh6 52. Ke5 Kg6 53. Bc2 h4
54. g4 fxg4 55. hxg4 Kf7 56. Bxe4 Kg7 57. Bg2 Kg6 58. Ke6 1-0

[Event "1st Schaakweek Apeldoorn"]
[Site "Apeldoorn NED"]
[Date "2018.06.08"]
[Round "2.5"]
[White "Warmerdam, Max"]
[Black "Gascon Del Nogal, Jose Rafael"]
[Result "1-0"]
[WhiteTitle "FM"]
[BlackTitle "IM"]
[WhiteElo "2370"]
[BlackElo "2470"]
[WhiteFideId "1048104"]
[BlackFideId "3902463"]
[EventDate "2018.06.07"]

1. d4 Nf6 2. c4 e6 3. Nf3 d5 4. Nc3 Be7 5. Bf4 O-O 6. e3 b6 7. cxd5 Nxd5 8. Nxd5
Qxd5 9. Bd3 c5 10. dxc5 Rd8 11. Ne5 Qxg2 12. Bxh7+ Kf8 13. Qh5 g6 14. Bxg6 Bf6
15. Be4 1-0

[Event "1st Schaakweek Apeldoorn"]
[Site "Apeldoorn NED"]
[Date "2018.06.09"]
[Round "3.1"]
[White "Gascon Del Nogal, Jose Rafael"]
[Black "Hillarp Persson, Tiger"]
[Result "0-1"]
[WhiteTitle "IM"]
[BlackTitle "GM"]
[WhiteElo "2470"]
[BlackElo "2546"]
[WhiteFideId "3902463"]
[BlackFideId "1700812"]
[EventDate "2018.06.07"]

1. e4 c5 2. Nf3 d6 3. d4 cxd4 4. Nxd4 Nf6 5. Nc3 a6 6. Nb3 Nc6 7. Be3 e6 8. g4
h6 9. Bg2 Ne5 10. h3 g5 11. Qe2 Nfd7 12. O-O-O b5 13. f4 gxf4 14. Bxf4 Bb7 15.
Qe1 Rc8 16. Kb1 Qc7 17. Nd4 Nc4 18. Bc1 Na3+ 19. bxa3 Qxc3 20. Qxc3 Rxc3 21. Bb2
Rg3 22. Rhg1 Rg8 23. Ne2 Re3 24. Nf4 e5 25. Nd5 Bxd5 26. Rxd5 Nc5 27. Bc1 Rg3
28. Rdd1 h5 29. Bd2 hxg4 30. h4 Rh8 31. Be1 Rxa3 32. Bh1 Rh3 33. Bg2 Re3 34. Bf2
Re2 35. Bxc5 dxc5 36. a4 bxa4 37. Rd5 f6 38. Bf1 Rxe4 39. Bxa6 Rb4+ 40. Ka2 Rxh4
41. c3 Rb3 42. Bc8 Rh2+ 43. Ka1 Rxc3 44. Bxg4 Bh6 45. Rgd1 Rc1+ 46. Rxc1 Bxc1
47. Bd7+ Ke7 48. Bxa4 Bb2+ 49. Kb1 Bd4 0-1

[Event "1st Schaakweek Apeldoorn"]
[Site "Apeldoorn NED"]
[Date "2018.06.09"]
[Round "3.2"]
[White "Praggnanandhaa, R"]
[Black "Warmerdam, Max"]
[Result "1-0"]
[WhiteTitle "IM"]
[BlackTitle "FM"]
[WhiteElo "2529"]
[BlackElo "2370"]
[WhiteFideId "25059530"]
[BlackFideId "1048104"]
[EventDate "2018.06.07"]

1. d4 Nf6 2. Bf4 g6 3. Nc3 Bg7 4. e4 d6 5. Qd2 c6 6. f3 Qa5 7. Bh6 Bxh6 8. Qxh6
b5 9. Qg5 O-O 10. h4 Kg7 11. g4 h6 12. Qd2 e5 13. g5 Nh5 14. O-O-O Be6 15. dxe5
dxe5 16. Qd6 b4 17. gxh6+ Kh7 18. Qxf8 Na6 19. Qxa8 bxc3 20. bxc3 Qxc3 21. Bxa6
Qe3+ 22. Kb2 Qb6+ 23. Bb5 Qxb5+ 24. Kc1 Qc5 25. Qb8 Qe3+ 26. Kb2 1-0

[Event "1st Schaakweek Apeldoorn"]
[Site "Apeldoorn NED"]
[Date "2018.06.09"]
[Round "3.3"]
[White "Kuipers, Stefan"]
[Black "Ten Hertog, Hugo"]
[Result "0-1"]
[WhiteTitle "IM"]
[BlackTitle "IM"]
[WhiteElo "2477"]
[BlackElo "2453"]
[WhiteFideId "1018400"]
[BlackFideId "1026356"]
[EventDate "2018.06.07"]

1. e4 g6 2. d4 Bg7 3. Nc3 d6 4. Be3 a6 5. Qd2 b5 6. h4 Nf6 7. f3 h5 8. O-O-O c6
9. Kb1 Qc7 10. Bf4 Nfd7 11. Nh3 b4 12. Na4 c5 13. Nxc5 Nxc5 14. dxc5 Qxc5 15.
Be3 Qe5 16. Qxb4 Nc6 17. Qa3 Rb8 18. Bc1 Bxh3 19. Rxh3 O-O 20. Rd5 Qf6 21. Bc4
Nb4 22. Rd1 Nxc2 23. Kxc2 Rfc8 24. Qxa6 Ra8 25. Qb5 Rc5 26. Qb4 Rac8 27. b3 Qa1
28. Be3 Qb2+ 29. Kd3 Rxc4 30. Qxc4 Rxc4 31. bxc4 Qxg2 32. Rhh1 Qxf3 33. Rdf1 Qg2
34. Bd2 Qg3+ 35. Be3 Qe5 36. Rc1 f5 37. exf5 gxf5 38. Rhg1 Qe4+ 39. Kd2 f4 40.
Bb6 Kf7 41. a4 f3 42. Be3 Bd4 43. Rge1 Bxe3+ 44. Rxe3 Qd4+ 45. Rd3 Qf4+ 46. Re3
e5 47. a5 Qd4+ 48. Rd3 Qf2+ 49. Kc3 e4 50. Rxd6 Qe3+ 51. Kb2 f2 52. Rdd1 Qe2+ 0-1

[Event "1st Schaakweek Apeldoorn"]
[Site "Apeldoorn NED"]
[Date "2018.06.09"]
[Round "3.4"]
[White "Pijpers, Arthur"]
[Black "Ernst, Sipke"]
[Result "0-1"]
[WhiteTitle "IM"]
[BlackTitle "GM"]
[WhiteElo "2479"]
[BlackElo "2555"]
[WhiteFideId "1019554"]
[BlackFideId "1004689"]
[EventDate "2018.06.07"]

1. e4 e5 2. Nf3 Nc6 3. Bb5 a6 4. Ba4 Nf6 5. O-O Be7 6. Re1 b5 7. Bb3 d6 8. c3
O-O 9. h3 Nb8 10. d4 Nbd7 11. Nbd2 Bb7 12. Bc2 Re8 13. Nf1 Bf8 14. Ng3 g6 15. a4
Nb6 16. a5 Nbd7 17. b3 b4 18. d5 bxc3 19. Ne2 Rc8 20. Nxc3 c6 21. Bd3 cxd5 22.
Nxd5 Nxd5 23. exd5 Rc5 24. b4 Rxd5 25. Qb3 Rxd3 26. Qxd3 d5 27. b5 Nc5 28. Qd1
e4 29. Nd4 Bg7 30. Be3 Nd3 31. Rf1 axb5 32. a6 Ba8 33. Rb1 f5 34. Nxb5 d4 35.
Bg5 Qxg5 36. Qb3+ Kh8 37. Nd6 Ne5 38. Nxe8 e3 39. f3 Nxf3+ 40. Rxf3 Bxf3 41. Rb2
e2 42. Rxe2 Bxe2 43. Nxg7 Qc1+ 44. Kf2 Bc4 45. Qb8+ Kxg7 46. Qa7+ Kh6 47. Qxd4
f4 48. a7 Qf1# 0-1

[Event "1st Schaakweek Apeldoorn"]
[Site "Apeldoorn NED"]
[Date "2018.06.09"]
[Round "3.5"]
[White "Beerdsen, Thomas"]
[Black "Fier, Alexandr"]
[Result "1-0"]
[WhiteTitle "IM"]
[BlackTitle "GM"]
[WhiteElo "2454"]
[BlackElo "2576"]
[WhiteFideId "1030108"]
[BlackFideId "2107139"]
[EventDate "2018.06.07"]

1. e4 c5 2. Nf3 Nc6 3. Nc3 e6 4. d4 cxd4 5. Nxd4 Qc7 6. g4 a6 7. Bg2 Nge7 8.
Nxc6 bxc6 9. h4 Bb7 10. f4 d5 11. O-O Ng6 12. Qe1 Be7 13. h5 Nh4 14. Bh1 dxe4
15. Nxe4 c5 16. f5 Bxe4 17. Bxe4 O-O-O 18. Bf4 Bd6 19. Bg5 Bg3 20. Bxd8 Kxd8 21.
Rd1+ Ke7 22. fxe6 fxe6 23. Qd2 h6 24. Bg6 Rf8 25. Rxf8 Kxf8 26. Rf1+ Kg8 27. Rf7
Qb8 28. Qd7 Be5 29. Qxe6 Bd4+ 30. Kh1 Kh8 31. Re7 Qa8+ 32. Be4 1-0

[Event "1st Schaakweek Apeldoorn"]
[Site "Apeldoorn NED"]
[Date "2018.06.10"]
[Round "4.1"]
[White "Hillarp Persson, Tiger"]
[Black "Fier, Alexandr"]
[Result "0-1"]
[WhiteTitle "GM"]
[BlackTitle "GM"]
[WhiteElo "2546"]
[BlackElo "2576"]
[WhiteFideId "1700812"]
[BlackFideId "2107139"]
[EventDate "2018.06.07"]

1. Nf3 c5 2. c4 Nc6 3. Nc3 Nf6 4. d4 cxd4 5. Nxd4 e6 6. a3 Be7 7. e4 O-O 8. Nc2
b6 9. Be2 Bb7 10. O-O Na5 11. e5 Ne4 12. Nxe4 Bxe4 13. Ne3 Qc7 14. b4 Qxe5 15.
Ra2 Nc6 16. Bb2 Qg5 17. f4 Qh4 18. g3 Qh3 19. Bf3 Bxf3 20. Rxf3 Rad8 21. g4 Qh6
22. Ba1 Qg6 23. f5 exf5 24. Nxf5 Bf6 25. Bxf6 Qxf6 26. Nd6 Qg5 27. Rf5 Qe3+ 28.
Kg2 Nd4 29. Rff2 Qe5 30. Rad2 Qxd6 31. Rxd4 Qe6 32. Qf3 Rfe8 33. h3 Re7 34. Qf4
Rde8 35. Rd6 Qe1 36. g5 Qc3 37. Rf3 Re2+ 38. Rf2 Rxf2+ 0-1

[Event "1st Schaakweek Apeldoorn"]
[Site "Apeldoorn NED"]
[Date "2018.06.10"]
[Round "4.2"]
[White "Ernst, Sipke"]
[Black "Beerdsen, Thomas"]
[Result "1/2-1/2"]
[WhiteTitle "GM"]
[BlackTitle "IM"]
[WhiteElo "2555"]
[BlackElo "2454"]
[WhiteFideId "1004689"]
[BlackFideId "1030108"]
[EventDate "2018.06.07"]

1. d4 Nf6 2. c4 e6 3. Nc3 Bb4 4. g3 d5 5. Bg2 O-O 6. Nf3 dxc4 7. O-O c5 8. dxc5
Nbd7 9. Qd4 Qc7 10. Qxc4 Qxc5 11. Qb3 Qe7 12. Rd1 h6 13. Bf4 Bc5 14. Na4 e5 15.
Bd2 e4 16. Nh4 Bxf2+ 17. Kxf2 e3+ 18. Kg1 exd2 19. Ng6 Qxe2 20. Bf3 Qa6 21. Nxf8
Ne5 22. Bg2 Qe2 23. Qc3 Ne4 24. Qd4 Ng5 25. Kh1 Nef3 26. Nc3 Qxg2+ 27. Kxg2 Bh3+
28. Kf2 Nxd4 29. Nd7 Nc2 30. Rab1 Bxd7 31. Rxd2 Bf5 32. Rbd1 Nb4 33. g4 Bg6 34.
Rd8+ Rxd8 35. Rxd8+ Kh7 36. h4 Ne6 37. Rb8 Nc5 38. h5 Bd3 39. a3 Nc6 40. Ra8 Bc4
41. b4 Nd3+ 42. Kg3 a6 43. Ne4 Bd5 44. Nd6 Nd4 45. Re8 Nc2 46. Re2 Nd4 47. Re7
Nb5 48. Nxf7 Bxf7 49. Rxf7 Ne5 50. Re7 Nd3 51. Rd7 Nb2 52. Rxb7 Nxa3 53. Rc7 Nb5
54. Rc6 Nd3 55. Rxa6 Nc3 56. b5 Nxb5 57. Ra5 Nd6 58. Kf3 Nf7 59. Rb5 Nde5+ 60.
Kf4 Nd3+ 61. Ke3 Nde5 62. Kf4 Nc6 63. Rb6 Ne7 64. Rb7 Nd5+ 65. Kg3 Ng5 66. Rb5
Nf6 67. Rb2 Nge4+ 68. Kf3 Nd6 69. Rb4 Nf7 70. Rb5 Nd6 71. Rb4 Kg8 72. Ra4 Kf8
73. Ra8+ Ke7 74. Ra7+ Nd7 75. Kf4 Nb5 76. Ra4 Nc3 77. Ra5 Ke6 78. Ra6+ Kf7 79.
g5 Nd5+ 80. Kg4 hxg5 1/2-1/2

[Event "1st Schaakweek Apeldoorn"]
[Site "Apeldoorn NED"]
[Date "2018.06.10"]
[Round "4.3"]
[White "Ten Hertog, Hugo"]
[Black "Pijpers, Arthur"]
[Result "1-0"]
[WhiteTitle "IM"]
[BlackTitle "IM"]
[WhiteElo "2453"]
[BlackElo "2479"]
[WhiteFideId "1026356"]
[BlackFideId "1019554"]
[EventDate "2018.06.07"]

1. g3 d5 2. Bg2 e5 3. d3 c5 4. Nc3 d4 5. Ne4 Nc6 6. Nf3 Be7 7. Ned2 Be6 8. O-O
h5 9. c3 h4 10. Qa4 hxg3 11. fxg3 Qd7 12. Ne4 f6 13. Bd2 Nh6 14. Rac1 Rc8 15.
Nh4 Ng4 16. h3 Ne3 17. Bxe3 dxe3 18. Ng6 Rh6 19. Nxe7 Qxe7 20. g4 Kd8 21. Rf3
Kc7 22. Rxe3 Kb8 23. Qb5 b6 24. Ng3 Bd7 25. Nf5 Bxf5 26. gxf5 Na5 27. Qa4 c4 28.
b4 Nb7 29. dxc4 Rxc4 30. Rd1 e4 31. Rd7 Qe5 32. Rxe4 Rxe4 33. Qc6 1-0

[Event "1st Schaakweek Apeldoorn"]
[Site "Apeldoorn NED"]
[Date "2018.06.10"]
[Round "4.4"]
[White "Warmerdam, Max"]
[Black "Kuipers, Stefan"]
[Result "1/2-1/2"]
[WhiteTitle "FM"]
[BlackTitle "IM"]
[WhiteElo "2370"]
[BlackElo "2477"]
[WhiteFideId "1048104"]
[BlackFideId "1018400"]
[EventDate "2018.06.07"]

1. d4 d5 2. c4 c6 3. Nf3 Nf6 4. Nc3 e6 5. Bg5 Nbd7 6. cxd5 exd5 7. e3 Be7 8. Qc2
O-O 9. Bd3 Re8 10. h3 Nf8 11. Bf4 Ne6 12. Bh2 g6 13. O-O Ng7 14. Rab1 a5 15. a3
Bf5 16. b4 Bxd3 17. Qxd3 axb4 18. axb4 b5 19. Ne5 Ra6 20. Rfc1 Qa8 21. Qc2 Nf5
22. Nd3 Nd6 23. Nc5 Ra7 24. Bxd6 Bxd6 25. Qb2 Bxc5 26. dxc5 Ne4 27. Ra1 Nxc3 28.
Rxa7 Qxa7 29. Qxc3 Ra8 30. Qf6 Qd7 31. Ra1 Rxa1+ 32. Qxa1 Qe6 33. Qa7 Kg7 34.
Qc7 h5 35. Qb7 d4 36. exd4 Qe1+ 37. Kh2 Qxf2 38. Qxc6 Qf4+ 39. Kh1 Qf1+ 40. Kh2
Qf4+ 41. Kh1 Qf1+ 42. Kh2 1/2-1/2

[Event "1st Schaakweek Apeldoorn"]
[Site "Apeldoorn NED"]
[Date "2018.06.10"]
[Round "4.5"]
[White "Gascon Del Nogal, Jose Rafael"]
[Black "Praggnanandhaa, R"]
[Result "1-0"]
[WhiteTitle "IM"]
[BlackTitle "IM"]
[WhiteElo "2470"]
[BlackElo "2529"]
[WhiteFideId "3902463"]
[BlackFideId "25059530"]
[EventDate "2018.06.07"]

1. e4 c5 2. Nf3 e6 3. d3 Nc6 4. g3 g6 5. Bg2 Bg7 6. c3 e5 7. O-O Nge7 8. Nbd2
O-O 9. Re1 d6 10. a3 h6 11. b4 a6 12. Nb3 b6 13. Bb2 Be6 14. d4 exd4 15. cxd4 c4
16. Nc1 d5 17. e5 b5 18. Bc3 a5 19. bxa5 Nxa5 20. Qd2 Nac6 21. Ne2 Qd7 22. Reb1
Rfb8 23. Nf4 Bf5 24. Rc1 Be4 25. Bh3 Bf5 26. Bg2 Be4 27. Bh3 Qd8 28. Qe2 Nf5 29.
Bxf5 Bxf5 30. Nh4 Bc8 31. e6 fxe6 32. Nhxg6 Qf6 33. Ne5 Nxe5 34. dxe5 Qf5 35.
Nh5 d4 36. Bxd4 Bf8 37. g4 Qg6 38. Nf6+ Kh8 39. Rc3 b4 40. Rg3 Rxa3 41. g5 Rxg3+
42. hxg3 c3 43. Qc4 Bb7 44. Qxe6 Ra8 45. Re1 Bg7 46. Qd7 Bf3 47. e6 Qf5 48. gxh6 1-0

[Event "1st Schaakweek Apeldoorn"]
[Site "Apeldoorn NED"]
[Date "2018.06.11"]
[Round "5.1"]
[White "Praggnanandhaa, R"]
[Black "Hillarp Persson, Tiger"]
[Result "0-1"]
[WhiteTitle "IM"]
[BlackTitle "GM"]
[WhiteElo "2529"]
[BlackElo "2546"]
[WhiteFideId "25059530"]
[BlackFideId "1700812"]
[EventDate "2018.06.07"]

1. e4 c5 2. Nf3 d6 3. d4 cxd4 4. Nxd4 Nf6 5. Nc3 a6 6. Be2 e5 7. Nf3 Be7 8. Bg5
O-O 9. Bxf6 Bxf6 10. Bc4 Nc6 11. a3 Be6 12. Ba2 Rc8 13. Nd5 Na5 14. Qd3 b5 15.
O-O Nc4 16. Bxc4 Rxc4 17. c3 Bxd5 18. Qxd5 Qa8 19. Qxa8 Rxa8 20. Nd2 Rc6 21.
Rfd1 g6 22. Nb3 Bd8 23. Kf1 Kf8 24. Rd3 Ke7 25. Rad1 h5 26. Na1 Bb6 27. Ke2 f5
28. exf5 gxf5 29. Nc2 a5 30. Rg3 Kf6 31. f4 exf4 32. Rgd3 Bc7 33. Kf3 Re8 34.
R1d2 Re4 35. Rd4 Rc4 36. Re2 Rxe2 37. Kxe2 Ke5 38. Kd3 d5 39. b3 Rc6 40. Ne1 Ke6
41. Kd2 Be5 42. Rd3 Rc8 43. Rf3 a4 44. b4 d4 45. cxd4 Bxd4 46. Nc2 Be5 47. Ne1
Bd4 48. Nc2 Rd8 49. Ke2 Be5 50. Ne1 Rg8 51. Rh3 Rc8 52. Kd2 Kd5 53. Nd3 Rg8 54.
Ne1 Kc4 55. Rf3 Rg7 56. Kc2 Rg4 57. Kd2 Bd4 58. Kc2 Be3 59. g3 Kd4 60. Kd1 Ke4
61. Ke2 Bd4 62. Ng2 fxg3 63. hxg3 Be5 64. Kf2 f4 65. gxf4 Bd4+ 66. Ne3 Rxf4 0-1

[Event "1st Schaakweek Apeldoorn"]
[Site "Apeldoorn NED"]
[Date "2018.06.11"]
[Round "5.2"]
[White "Kuipers, Stefan"]
[Black "Gascon Del Nogal, Jose Rafael"]
[Result "1-0"]
[WhiteTitle "IM"]
[BlackTitle "IM"]
[WhiteElo "2477"]
[BlackElo "2470"]
[WhiteFideId "1018400"]
[BlackFideId "3902463"]
[EventDate "2018.06.07"]

1. e4 e6 2. d4 d5 3. Bd3 dxe4 4. Bxe4 Nf6 5. Bf3 c5 6. Ne2 Nc6 7. Be3 cxd4 8.
Nxd4 Ne5 9. Nc3 a6 10. Qe2 Qc7 11. O-O-O Nxf3 12. Nxf3 Be7 13. Bd4 O-O 14. g4 b5
15. g5 Nd7 16. Nd5 exd5 17. Qxe7 Qf4+ 18. Qe3 Qxe3+ 19. Bxe3 Bb7 20. Rhe1 Rfe8
21. Nd4 g6 22. Nb3 Rac8 23. Bd4 Kf8 24. f3 Re6 25. Kd2 Rce8 26. Rxe6 fxe6 27. f4
e5 28. fxe5 Nxe5 29. Rf1+ Kg8 30. Bxe5 Rxe5 31. h4 d4 32. Rf4 Bd5 33. Nxd4 Kg7
34. a3 h6 35. gxh6+ Kxh6 36. Kd3 Kh5 37. b3 Bg2 38. Ne2 Rd5+ 39. Ke3 Re5+ 40.
Kf2 Bh3 41. Ng3+ Kh6 42. Ne4 Bf5 43. Ke3 Rd5 44. c3 Rd1 45. Nc5 Kh5 46. a4 Rh1
47. Nxa6 bxa4 48. bxa4 Bg4 49. Nc5 Re1+ 50. Kd2 Re2+ 51. Kd3 Ra2 52. Ne4 Kxh4
53. Nf2 Kg3 54. Rxg4+ Kxf2 55. Rxg6 Rxa4 56. c4 Ra8 57. c5 Kf3 58. Rf6+ Kg4 59.
Kc4 Kg5 60. Rf1 Rc8 61. Kb5 Rb8+ 62. Kc6 1-0